000
00221nam a2200097Ia 4500
008
190216s9999||||xx |||||||||||||| ||und||
100
_a
Vasudevan Nair M T
245
0
_a
Ninte Ormakk
260
_b
Current Books
942
_c
BK
999
_c
23523
_d
23523